[Event "CAN-op"]
[Site "Windsor CAN"]
[Date "2016.07.14"]
[Round "5.14"]
[White "Chehayeb, Salah"]
[Black "Barron, Michael"]
[Result "0-1"]
[WhiteElo "2015"]
[BlackElo "2309"]
[PlyCount "116"]
[EventDate "2016.07.10"]
[EventType "swiss"]
[EventRounds "9"]
[EventCountry "CAN"]

1. e4 e5 2. Nf3 Nc6 3. d4 exd4 4. Nxd4 Bc5 5. Nxc6 Qf6 6. Qd2 bxc6 7. Bd3 Ne7
8. O-O O-O 9. Qg5 Qxg5 10. Bxg5 Ng6 11. Nd2 f6 12. Nb3 Bb6 13. Bd2 Ne5 14. Be2
d5 15. Bb4 Re8 16. Nc5 Bxc5 17. Bxc5 dxe4 18. Rfe1 Kf7 19. Bf1 Bf5 20. Rad1 a5
21. Rd4 Red8 22. Red1 Ke8 23. Rxd8+ Rxd8 24. Rxd8+ Kxd8 25. a4 e3 26. Bxe3 Bxc2
27. Bd2 Bxa4 28. Bxa5 Bb5 29. f4 Ng6 30. g3 Bxf1 31. Kxf1 Ne7 32. Ke2 c5 33.
Kd3 Kd7 34. Kc4 Kc6 35. Be1 Nd5 36. Bf2 Nb6+ 37. Kb3 f5 38. Be1 Nc8 39. Bc3 g6
40. Be5 Nd6 41. h3 Ne4 42. g4 Nf2 43. gxf5 gxf5 44. h4 h5 45. Kc3 Ng4 46. Bg7
Ne3 47. Bh6 Kd5 48. Kd3 Ng2 49. Bg5 c4+ 50. Kc3 Ne3 51. Bd8 Ke4 52. Bg5 Nd5+
53. Kxc4 Nxf4 54. b4 Ne6 55. Kb5 f4 56. Kc6 f3 57. Bd8 Nxd8+ 58. Kxc7 Ne6+ 0-1

[Event "CAN-op"]
[Site "Windsor CAN"]
[Date "2016.07.15"]
[Round "6.8"]
[White "Sohal, Tanraj"]
[Black "Barron, Michael"]
[Result "1-0"]
[WhiteElo "2334"]
[BlackElo "2211"]
[PlyCount "165"]
[EventDate "2016.07.10"]
[EventType "swiss"]
[EventRounds "9"]
[EventCountry "CAN"]

1. d4 f5 2. c4 Nf6 3. Nc3 d6 4. Bg5 Nbd7 5. Qc2 g6 6. h4 Bg7 7. Nh3 e5 8. dxe5
dxe5 9. O-O-O c6 10. e4 f4 11. Nxf4 exf4 12. e5 O-O 13. h5 Qa5 14. exf6 Nxf6
15. Bxf6 Rxf6 16. hxg6 hxg6 17. Ne4 Rf5 18. Kb1 Be6 19. Be2 Re5 20. f3 b5 21.
Qd2 Qxd2 22. Rxd2 bxc4 23. Rc1 Rb8 24. Bxc4 Bd5 25. b3 Kf8 26. Bxd5 cxd5 27.
Nc3 Rd8 28. Rcd1 d4 29. Ne2 Kf7 30. Nxd4 Re7 31. Nb5 Rxd2 32. Rxd2 Be5 33. Re2
Kf6 34. Kc2 g5 35. Na3 Rg7 36. Nc4 Bc7 37. Kc3 g4 38. fxg4 Rxg4 39. b4 Rg3+ 40.
Kd4 f3 41. gxf3 Rxf3 42. a4 Rh3 43. Kd5 Rb3 44. Kc5 Rb1 45. a5 Rc1 46. Kd5 Rb1
47. Kc5 Rc1 48. Kb5 Bg3 49. Nb2 Bd6 50. Nd3 Rc7 51. Nc5 Kf5 52. Kc4 Rh7 53. Kd5
Bf4 54. Re8 Bd2 55. Re5+ Kg6 56. Re4 Kf5 57. Rd4 Bc3 58. Rc4 Be1 59. Ne4 Rh2
60. Nd6+ Kf6 61. Rf4+ Kg6 62. Re4 Rd2+ 63. Kc6 Rd1 64. Nb7 Rb1 65. Kb5 Kf5 66.
Nd6+ Kf6 67. a6 Rd1 68. Nc8 Kf5 69. Rc4 Rd7 70. Kc6 Rh7 71. Nd6+ Kg5 72. b5 Ba5
73. Kd5 Kf6 74. Nc8 Bd8 75. b6 Bxb6 76. Nxb6 axb6 77. Ra4 b5 78. Ra1 Ra7 79.
Kc5 b4 80. Kxb4 Ke5 81. Kb5 Ke6 82. Kb6 Rd7 83. a7 1-0

[Event "CAN-op"]
[Site "Windsor CAN"]
[Date "2016.07.16"]
[Round "7.13"]
[White "Barron, Michael"]
[Black "McNamara, Tanner"]
[Result "1-0"]
[WhiteElo "2309"]
[BlackElo "2057"]
[PlyCount "73"]
[EventDate "2016.07.10"]
[EventType "swiss"]
[EventRounds "9"]
[EventCountry "CAN"]

1. e4 e5 2. Nf3 Nc6 3. Bb5 a6 4. Ba4 Nf6 5. O-O Be7 6. Re1 b5 7. Bb3 d6 8. c3
O-O 9. d4 Bg4 10. d5 Na5 11. Bc2 Qc8 12. Nbd2 c6 13. b4 Nc4 14. Nxc4 bxc4 15.
Bg5 c5 16. Be3 cxb4 17. cxb4 a5 18. b5 Qb7 19. a4 Rfc8 20. Rc1 Bd8 21. Bb1 Nd7
22. Rc3 Bb6 23. Qc2 Bxf3 24. gxf3 Bd4 25. Bxd4 exd4 26. Rxc4 Ne5 27. Rc6 Qd7
28. Kg2 d3 29. Qd1 Ng6 30. Bxd3 Nh4+ 31. Kh1 Qh3 32. Bf1 Qxf3+ 33. Qxf3 Nxf3
34. Rec1 Re8 35. b6 Rxe4 36. Rc8+ Re8 37. b7 1-0

[Event "CAN-op"]
[Site "Windsor CAN"]
[Date "2016.07.16"]
[Round "8.8"]
[White "Barron, Michael"]
[Black "Teh, Aron"]
[Result "1/2-1/2"]
[WhiteElo "2211"]
[BlackElo "2328"]
[PlyCount "130"]
[EventDate "2016.07.10"]
[EventType "swiss"]
[EventRounds "9"]
[EventCountry "CAN"]

1. e4 e5 2. Nf3 Nc6 3. Bb5 Nf6 4. O-O Nxe4 5. d4 Nd6 6. Bxc6 dxc6 7. dxe5 Nf5
8. Qxd8+ Kxd8 9. Nc3 Ke8 10. h3 Be6 11. g4 Ne7 12. Ng5 Bc4 13. Rd1 Nd5 14. Nge4
Nxc3 15. Nxc3 h5 16. b3 Be6 17. f3 Be7 18. Kg2 hxg4 19. hxg4 f5 20. exf6 Bxf6
21. Bb2 Kf7 22. Na4 b6 23. Rd3 Rh4 24. Rh1 Rah8 25. Rxh4 Rxh4 26. Bxf6 gxf6 27.
Nc3 f5 28. Kg3 Rh1 29. Rd1 Rxd1 30. Nxd1 fxg4 31. fxg4 a5 32. Kf4 a4 33. Ne3
axb3 34. axb3 Kf6 35. b4 c5 36. bxc5 bxc5 37. Nd1 Kg6 38. Nc3 c4 39. Nb5 Bd7
40. Nc3 Bc6 41. Ne2 Bd7 42. c3 Bc8 43. Nd4 Bd7 44. Nf3 Be6 45. Ne5+ Kh6 46. Nc6
Kg6 47. Nb4 Bd7 48. Na6 c6 49. Nb4 Be8 50. Nc2 Bf7 51. Nd4 Bd5 52. Nf3 Kf6 53.
Ne5 Ke7 54. Kf5 Be6+ 55. Kg6 Bd5 56. Kf5 Be6+ 57. Ke4 Bd5+ 58. Kd4 Kf6 59. Nxc4
Kg5 60. Ne3 Bf3 61. Ke5 c5 62. Nf1 Bxg4 63. Nd2 Kg6 64. Kd5 Kf7 65. Kxc5 Be2
1/2-1/2

[Event "CAN-op"]
[Site "Windsor CAN"]
[Date "2016.07.17"]
[Round "9.10"]
[White "Virkud, Apurva"]
[Black "Barron, Michael"]
[Result "1-0"]
[WhiteElo "1913"]
[BlackElo "2211"]
[PlyCount "79"]
[EventDate "2016.07.10"]
[EventType "swiss"]
[EventRounds "9"]
[EventCountry "CAN"]

1. d4 f5 2. c4 Nf6 3. Nf3 g6 4. g3 Bg7 5. Bg2 O-O 6. Nc3 d6 7. O-O Qe8 8. Nd5
Nxd5 9. cxd5 Qb5 10. Ng5 h6 11. Ne6 Bxe6 12. dxe6 d5 13. a4 Qc6 14. Qb3 Rd8 15.
Bf4 Na6 16. Rac1 Qb6 17. Qxb6 axb6 18. Bxc7 Nxc7 19. Rxc7 Bxd4 20. Rxe7 Bxb2
21. Rxb7 Bf6 22. Rd1 Ra5 23. Rc1 d4 24. Rf7 Be5 25. Bc6 Rc8 26. Rb7 Bd6 27. e7
Bxe7 28. Rxe7 Kf8 29. Rh7 Kg8 30. Rd7 Rc5 31. Rxc5 bxc5 32. Bd5+ Kh8 33. Bc4
Ra8 34. Bb5 Rc8 35. a5 c4 36. a6 c3 37. Bd3 c2 38. Bxc2 Rxc2 39. a7 Ra2 40.
Rd8+ 1-0

[Event "Toronto Closed"]
[Site "Toronto CAN"]
[Date "2016.04.11"]
[Round "2"]
[White "Southam, David"]
[Black "Barron, Michael"]
[Result "0-1"]
[WhiteElo "2148"]
[BlackElo "2342"]
[PlyCount "100"]
[EventDate "2016.04.04"]
[EventType "tourn"]
[EventRounds "7"]
[EventCountry "CAN"]

1. d4 f5 2. g3 Nf6 3. Bg2 g6 4. Nh3 d6 5. d5 c6 6. Nf4 cxd5 7. Nxd5 Bg7 8. Nbc3
Nc6 9. O-O O-O 10. e4 Nxe4 11. Nxe4 fxe4 12. Bxe4 Bh3 13. Bg2 Bxg2 14. Kxg2 e6
15. Nf4 Qd7 16. c3 d5 17. Be3 Rad8 18. Qg4 Rfe8 19. Rad1 Qf7 20. Bc5 b6 21. Be3
e5 22. Nh3 d4 23. Bg5 Rc8 24. cxd4 Nxd4 25. Qe4 Qxa2 26. Ra1 Qf7 27. Rac1 Qd7
28. Be3 Nb3 29. Rcd1 Qc6 30. Qxc6 Rxc6 31. Rd7 a5 32. Rb7 Nd4 33. Ng5 Rec8 34.
Rd1 h6 35. Nf7 R8c7 36. Rxc7 Rxc7 37. Nxh6+ Bxh6 38. Bxh6 Rc2 39. Be3 Rxb2 40.
Bxd4 exd4 41. Rxd4 b5 42. Rd8+ Kg7 43. g4 a4 44. Ra8 Rb3 45. g5 a3 46. Ra7+ Kg8
47. h4 b4 48. h5 gxh5 49. f4 Rb2+ 50. Kg3 a2 0-1

[Event "Toronto Closed"]
[Site "Toronto CAN"]
[Date "2016.04.25"]
[Round "4"]
[White "Barron, Michael"]
[Black "Malakhovets, Sergey"]
[Result "1-0"]
[WhiteElo "2342"]
[BlackElo "2123"]
[PlyCount "57"]
[EventDate "2016.04.04"]
[EventType "tourn"]
[EventRounds "7"]
[EventCountry "CAN"]

1. e4 c5 2. Nf3 e6 3. d4 cxd4 4. Nxd4 a6 5. Bd3 Nf6 6. O-O Qc7 7. c4 Nc6 8.
Nxc6 dxc6 9. f4 e5 10. f5 Bc5+ 11. Kh1 h5 12. Nc3 Ng4 13. Qf3 Qd8 14. Nd1 Qh4
15. h3 O-O 16. Bd2 Rd8 17. b4 Bd4 18. Rb1 b5 19. Be1 Qg5 20. hxg4 hxg4 21. Qg3
Rd6 22. Bf2 Bb7 23. c5 Rh6+ 24. Kg1 Rd8 25. Bxd4 Rxd4 26. Nf2 Rh4 27. Rfd1 Kh7
28. Be2 Rxd1+ 29. Rxd1 1-0

[Event "CAN-ch Seniors 50+"]
[Site "Kitchener CAN"]
[Date "2015.07.31"]
[Round "1"]
[White "Kuehl, Scott"]
[Black "Barron, Michael"]
[Result "0-1"]
[WhiteElo "1822"]
[BlackElo "2316"]
[PlyCount "58"]
[EventDate "2015.07.31"]
[EventType "swiss"]
[EventRounds "7"]
[EventCountry "CAN"]

1. e4 e5 2. Nf3 Nc6 3. Nc3 Nf6 4. Nxe5 Nxe5 5. d4 Ng6 6. e5 Ng8 7. Bc4 Bb4 8.
Qf3 Qe7 9. O-O Bxc3 10. bxc3 Nh6 11. Bxh6 gxh6 12. Rae1 O-O 13. d5 d6 14. exd6
Qxd6 15. Re4 Bd7 16. Rfe1 Rae8 17. Bd3 Kg7 18. c4 b6 19. Qd1 Rxe4 20. Rxe4 Re8
21. g3 Rxe4 22. Bxe4 Qe5 23. Bg2 h5 24. h4 Bg4 25. f3 Qxg3 26. Qd4+ f6 27. fxg4
Nxh4 28. Qe4 Qxg2+ 29. Qxg2 Nxg2 0-1

[Event "CAN-ch Seniors 50+"]
[Site "Kitchener CAN"]
[Date "2015.08.01"]
[Round "2"]
[White "Barron, Michael"]
[Black "Chernik, Dmitry"]
[Result "1-0"]
[WhiteElo "2316"]
[BlackElo "2079"]
[PlyCount "97"]
[EventDate "2015.07.31"]
[EventType "swiss"]
[EventRounds "7"]
[EventCountry "CAN"]

1. e4 d6 2. d4 Nf6 3. Nc3 e5 4. Nf3 Nbd7 5. Bc4 Be7 6. h3 O-O 7. Be3 c6 8. a4
exd4 9. Qxd4 Qa5 10. O-O Ne5 11. Be2 h6 12. Nh4 c5 13. Qd1 Qb4 14. Nf5 Bxf5 15.
exf5 Qxb2 16. Qd2 Qb6 17. g4 Nc6 18. f4 Nd4 19. g5 Nxe2+ 20. Qxe2 Rfe8 21. gxf6
Bxf6 22. Nd5 Bd4 23. Nxb6 Rxe3 24. Nxa8 Rxe2+ 25. Kh1 Bxa1 26. Rxa1 Rxc2 27.
Nc7 Rc4 28. a5 Rxf4 29. Nb5 c4 30. Nxd6 c3 31. Rc1 b5 32. Rxc3 Ra4 33. Rc8+ Kh7
34. Nxf7 g5 35. Nd6 Kg7 36. Rc7+ Kf6 37. Rxa7 Ke5 38. Nxb5 Kxf5 39. Kg2 Rb4 40.
Nc7 Rb2+ 41. Kf1 Kf4 42. a6 Kg3 43. Rb7 Ra2 44. a7 Ra1+ 45. Ke2 Ra2+ 46. Ke3
Ra3+ 47. Ke4 Kxh3 48. a8=Q Rxa8 49. Nxa8 1-0

[Event "CAN-ch Seniors 50+"]
[Site "Kitchener CAN"]
[Date "2015.08.02"]
[Round "4"]
[White "Barron, Michael"]
[Black "Dougherty, Michael"]
[Result "1-0"]
[WhiteElo "2316"]
[BlackElo "2268"]
[PlyCount "49"]
[EventDate "2015.07.31"]
[EventType "swiss"]
[EventRounds "7"]
[EventCountry "CAN"]

1. e4 c5 2. Nf3 e6 3. d4 cxd4 4. Nxd4 a6 5. Bd3 d6 6. O-O Nf6 7. c4 Nbd7 8. Nc3
Qc7 9. Be3 Ne5 10. Rc1 Nxd3 11. Qxd3 Be7 12. f3 b6 13. b4 Bb7 14. Na4 Nd7 15.
Nb3 Bc6 16. Nc3 O-O 17. Nd5 exd5 18. cxd5 Nc5 19. bxc5 Bb5 20. cxb6 Qb8 21. Qd2
f5 22. Na5 fxe4 23. b7 Bxf1 24. bxa8=Q Qxa8 25. Rxf1 1-0

[Event "CAN-ch Seniors 50+"]
[Site "Kitchener CAN"]
[Date "2015.08.02"]
[Round "5"]
[White "Barron, Michael"]
[Black "Cova, Ramon"]
[Result "1/2-1/2"]
[WhiteElo "2316"]
[BlackElo "2085"]
[PlyCount "93"]
[EventDate "2015.07.31"]
[EventType "swiss"]
[EventRounds "7"]
[EventCountry "CAN"]

1. e4 Nf6 2. e5 Nd5 3. d4 Nb6 4. f4 d6 5. Nf3 Bg4 6. Bd3 g6 7. c3 Bg7 8. O-O e6
9. Nbd2 Nc6 10. Ne4 Bf5 11. h3 Bxe4 12. Bxe4 d5 13. Bd3 Qd7 14. Qe2 Ne7 15. g4
O-O-O 16. a4 h5 17. a5 Na8 18. Kg2 Kb8 19. Be3 Ng8 20. b4 hxg4 21. hxg4 Nh6 22.
Nd2 Rh7 23. Rh1 Rdh8 24. Bf2 Bf8 25. Rh3 Ng8 26. Rah1 Rxh3 27. Rxh3 Rxh3 28.
Kxh3 Bh6 29. Qf3 Ne7 30. Bh4 b6 31. Nf1 c6 32. Bxe7 Qxe7 33. f5 gxf5 34. gxf5
exf5 35. Bxf5 Nc7 36. Qh5 Bc1 37. Qh8+ Qe8 38. Qxe8+ Nxe8 39. axb6 axb6 40. Ng3
Kc7 41. Bd3 Bd2 42. Ne2 b5 43. Kg4 Ng7 44. Bh7 Kd7 45. Bg8 Ke7 46. Bh7 Kd7 47.
Bg8 1/2-1/2

[Event "CAN-ch Seniors 50+"]
[Site "Kitchener CAN"]
[Date "2015.08.03"]
[Round "6"]
[White "Litchfield, Gerry"]
[Black "Barron, Michael"]
[Result "0-1"]
[WhiteElo "1699"]
[BlackElo "2316"]
[PlyCount "60"]
[EventDate "2015.07.31"]
[EventType "swiss"]
[EventRounds "7"]
[EventCountry "CAN"]

1. e4 e5 2. Nf3 Nc6 3. d4 exd4 4. Bc4 Nf6 5. e5 d5 6. Bb5 Ne4 7. Nxd4 Bd7 8.
Bxc6 bxc6 9. O-O Bc5 10. Be3 O-O 11. Nd2 Nxd2 12. Qxd2 Qe7 13. f4 Bb6 14. c3 c5
15. Nc2 c6 16. b4 f6 17. bxc5 Bxc5 18. Bxc5 Qxc5+ 19. Qd4 Qe7 20. Rae1 Bf5 21.
exf6 Qxf6 22. Qxf6 Rxf6 23. Nd4 Be4 24. Rf2 Raf8 25. c4 Rxf4 26. Rxf4 Rxf4 27.
Nxc6 dxc4 28. Nxa7 c3 29. Nb5 c2 30. Nd6 Bd3 0-1

[Event "CAN-ch Seniors 50+"]
[Site "Kitchener CAN"]
[Date "2015.08.03"]
[Round "7"]
[White "Barron, Michael"]
[Black "Zybura, Andre"]
[Result "1-0"]
[WhiteElo "2316"]
[BlackElo "2125"]
[PlyCount "85"]
[EventDate "2015.07.31"]
[EventType "swiss"]
[EventRounds "7"]
[EventCountry "CAN"]

1. e4 e5 2. Nf3 Nf6 3. Nxe5 Nxe4 4. Qe2 Qe7 5. Qxe4 d6 6. d4 dxe5 7. dxe5 Nc6
8. Bb5 Bd7 9. Nc3 Qb4 10. Qf4 O-O-O 11. Qxf7 Nxe5 12. Bxd7+ Nxd7 13. O-O Bd6
14. Qb3 Qh4 15. g3 Qh3 16. Nb5 Ne5 17. Qd5 h5 18. Nxd6+ cxd6 19. f4 h4 20. fxe5
hxg3 21. Qg2 Qxg2+ 22. Kxg2 Rxh2+ 23. Kxg3 Rdh8 24. Rf8+ Rxf8 25. Kxh2 Rf2+ 26.
Kg3 Rxc2 27. exd6 Kd7 28. Rb1 Kxd6 29. Be3 b6 30. Bd4 g5 31. Re1 Kd5 32. Bc3 b5
33. Re5+ Kc4 34. Rxg5 a5 35. a3 b4 36. axb4 a4 37. Ra5 Kb3 38. b5 Re2 39. b6
Re8 40. b7 Rb8 41. Ra7 Kc2 42. Be5 a3 43. bxa3 1-0

[Event "CAN-op (Pinnacle 48th CAN Op Ch)"]
[Site "Toronto CAN"]
[Date "2011.07.09"]
[Round "1"]
[White "Barron, Michael"]
[Black "Gladstone, Simon"]
[Result "1/2-1/2"]
[WhiteElo "2277"]
[BlackElo "1935"]
[PlyCount "122"]
[EventDate "2011.07.09"]
[EventType "swiss"]
[EventRounds "9"]
[EventCountry "CAN"]

1. e4 e6 2. d4 d5 3. Nd2 Nf6 4. e5 Nfd7 5. Bd3 c5 6. c3 Nc6 7. Ne2 cxd4 8. cxd4
Qb6 9. Nf3 f6 10. exf6 Nxf6 11. O-O Bd6 12. Bf4 Bxf4 13. Nxf4 O-O 14. Re1 Qxb2
15. Re2 Qa3 16. Nxe6 Bxe6 17. Rxe6 Rae8 18. Qe2 Qc3 19. Rd1 Kh8 20. Bb1 Rxe6
21. Qxe6 Re8 22. Qf7 Nxd4 23. Qxb7 Nxf3+ 24. gxf3 Qxf3 25. Qb3 Qxb3 26. axb3
Kg8 27. Bd3 Kf7 28. Ra1 Re7 29. Ra6 g6 30. b4 Rb7 31. b5 Ke7 32. Kg2 Nd7 33.
Be2 Nb6 34. h4 Kd6 35. h5 gxh5 36. Bxh5 Ke5 37. Ra1 Nc4 38. Be8 Rg7+ 39. Kf3 d4
40. Ke2 Nd6 41. Kd3 Nxe8 42. Re1+ Kd5 43. Rxe8 Rf7 44. Rd8+ Kc5 45. Rc8+ Kxb5
46. Kxd4 Rxf2 47. Rc7 a5 48. Rb7+ Ka4 49. Rxh7 Rb2 50. Kc3 Rb3+ 51. Kc2 Rb4 52.
Rh5 Rb6 53. Kc3 Rb3+ 54. Kc2 Rb6 55. Kc3 Rc6+ 56. Kb2 Rc4 57. Rh3 Kb4 58. Rb3+
Ka4 59. Ra3+ Kb5 60. Rb3+ Kc5 61. Rc3 Rxc3 1/2-1/2

[Event "CAN-op (Pinnacle 48th CAN Op Ch)"]
[Site "Toronto CAN"]
[Date "2011.07.10"]
[Round "2"]
[White "Bellissimo, Joseph"]
[Black "Barron, Michael"]
[Result "0-1"]
[WhiteElo "1977"]
[BlackElo "2277"]
[PlyCount "140"]
[EventDate "2011.07.09"]
[EventType "swiss"]
[EventRounds "9"]
[EventCountry "CAN"]

1. e4 e5 2. Nf3 Nc6 3. Bc4 Bc5 4. c3 Nf6 5. d4 exd4 6. cxd4 Bb4+ 7. Bd2 Bxd2+
8. Nbxd2 d5 9. exd5 Nxd5 10. O-O O-O 11. Ne4 Bg4 12. Nc5 Nb6 13. Be2 Rb8 14.
Nb3 Nb4 15. Qd2 N4d5 16. Rac1 Re8 17. Rfe1 c6 18. Ne5 Bxe2 19. Rxe2 f6 20. Nf3
Rxe2 21. Qxe2 Qe8 22. Qd2 Qg6 23. Nc5 Qg4 24. h3 Qf4 25. Re1 Qxd2 26. Nxd2 Kf7
27. Nde4 Nc8 28. g3 b6 29. Nd3 Rb7 30. Kg2 Rd7 31. Rd1 Nde7 32. Nf4 g5 33. Ne2
h6 34. Kf3 f5 35. N4c3 Nd6 36. b3 Ne8 37. h4 Nf6 38. hxg5 hxg5 39. a3 Ned5 40.
Rd3 Ke6 41. Nxd5 Nxd5 42. Nc3 Rh7 43. Kg2 Nxc3 44. Rxc3 Kd5 45. Rc4 Re7 46. Kf3
Re4 47. Rc3 g4+ 48. Kg2 Rxd4 49. Kf1 Rd2 50. Ke1 Ra2 51. b4 c5 52. f3 Kd4 53.
Rb3 c4 54. Rb1 gxf3 55. Kf1 c3 56. Rd1+ Ke3 57. Re1+ Re2 58. Ra1 c2 59. a4 Rh2
60. Kg1 Rg2+ 61. Kf1 Kd2 62. b5 c1=Q+ 63. Rxc1 Kxc1 64. g4 fxg4 65. a5 bxa5 66.
b6 axb6 67. Ke1 g3 68. Kf1 a4 69. Ke1 Rh2 70. Kf1 Rh1# 0-1

[Event "CAN-op (Pinnacle 48th CAN Op Ch)"]
[Site "Toronto CAN"]
[Date "2011.07.13"]
[Round "5"]
[White "Barron, Michael"]
[Black "Chernik, Dmitry"]
[Result "0-1"]
[WhiteElo "2277"]
[BlackElo "1897"]
[PlyCount "114"]
[EventDate "2011.07.09"]
[EventType "swiss"]
[EventRounds "9"]
[EventCountry "CAN"]

1. e4 e5 2. Nf3 d6 3. d4 Nd7 4. Bc4 Be7 5. O-O Ngf6 6. Qe2 O-O 7. Rd1 exd4 8.
Nxd4 Nc5 9. f3 Re8 10. Nc3 c6 11. Qf2 Qc7 12. b4 Be6 13. Bf1 Na6 14. Nxe6 fxe6
15. a3 b5 16. Bb2 Qb6 17. Ne2 e5 18. Ng3 g6 19. c4 Qxf2+ 20. Kxf2 Nc7 21. Rac1
Rac8 22. c5 dxc5 23. Bxe5 c4 24. Bd4 Ne6 25. Bb2 Red8 26. e5 Nd7 27. Ne4 Nb6
28. g3 Rxd1 29. Rxd1 Rd8 30. Nd6 Na4 31. Ba1 Bxd6 32. Rxd6 Rxd6 33. exd6 Kf7
34. Bh3 c3 35. Ke3 Nd4 36. d7 Ke7 37. Kd3 Nxf3 38. Bxc3 Nxc3 39. Kxc3 Ne5 40.
d8=Q+ Kxd8 41. Kd4 Nd7 42. Be6 Ke7 43. Bb3 Kd6 44. Bg8 Nf6 45. Bf7 g5 46. h4
gxh4 47. gxh4 Nd7 48. Bg8 h6 49. Bb3 Ne5 50. Bd1 Nc4 51. a4 Nb2 52. Bb3 Nxa4
53. Ke4 c5 54. bxc5+ Nxc5+ 55. Kf5 Nxb3 56. Kg6 Nc5 57. Kxh6 b4 0-1

[Event "CAN-op (Pinnacle 48th CAN Op Ch)"]
[Site "Toronto CAN"]
[Date "2011.07.14"]
[Round "6"]
[White "Inigo, Aquino"]
[Black "Barron, Michael"]
[Result "0-1"]
[WhiteElo "2088"]
[BlackElo "2277"]
[PlyCount "94"]
[EventDate "2011.07.09"]
[EventType "swiss"]
[EventRounds "9"]
[EventCountry "CAN"]

1. d4 f5 2. c4 Nf6 3. Nc3 d6 4. g3 g6 5. Bg2 Bg7 6. Nf3 O-O 7. b3 e5 8. e3 c6
9. Bb2 e4 10. Nd2 d5 11. Qc2 Be6 12. Na4 Nbd7 13. Ba3 Rf7 14. Nc5 Nxc5 15. Bxc5
b6 16. Ba3 c5 17. dxc5 Nd7 18. Rd1 Nxc5 19. Bxc5 bxc5 20. cxd5 Bxd5 21. Qxc5
Rc8 22. Qa3 Rd7 23. Nb1 Bf8 24. b4 a5 25. O-O axb4 26. Qb2 Ra8 27. Qe5 Bg7 28.
Qf4 Bxa2 29. Rc1 Rc8 30. Rxc8 Qxc8 31. g4 Qc7 32. Qg5 Qd8 33. Qxd8+ Rxd8 34.
gxf5 gxf5 35. Bh3 Be6 36. Rc1 Kf7 37. Bf1 b3 38. Rc7+ Rd7 39. Rxd7+ Bxd7 40.
Bc4+ Be6 41. Bb5 b2 42. Ba4 Bc4 43. Bc2 Ke6 44. f3 exf3 45. Kf2 Bd5 46. Nd2 Bc3
47. Nxf3 h6 0-1

[Event "CAN-op (Pinnacle 48th CAN Op Ch)"]
[Site "Toronto CAN"]
[Date "2011.07.15"]
[Round "7"]
[White "Barron, Michael"]
[Black "Fiedler, Brian"]
[Result "1-0"]
[WhiteElo "2277"]
[BlackElo "2123"]
[PlyCount "81"]
[EventDate "2011.07.09"]
[EventType "swiss"]
[EventRounds "9"]
[EventCountry "CAN"]

1. e4 c5 2. Nf3 d6 3. d4 cxd4 4. Nxd4 Nf6 5. Nc3 a6 6. Be2 e6 7. O-O Be7 8. f4
Qc7 9. Be3 O-O 10. g4 Nc6 11. g5 Nd7 12. Bd3 Re8 13. Qh5 Bf8 14. Rf3 g6 15. Qh4
Bg7 16. Nce2 Nxd4 17. Bxd4 Bxd4+ 18. Nxd4 Qb6 19. Qf2 e5 20. Ne2 Qxb2 21. Rf1
exf4 22. Rxf4 Ne5 23. Rxf7 Bh3 24. Qf6 Nxd3 25. cxd3 Qxf6 26. R1xf6 b5 27. Nf4
Be6 28. Nxe6 Rxe6 29. Rxe6 Kxf7 30. Rxd6 Ke7 31. e5 a5 32. Kf2 Rc8 33. Ke3 Rc2
34. a4 bxa4 35. d4 Rxh2 36. Ra6 Rh5 37. Ke4 Rxg5 38. Ra7+ Ke8 39. Kd5 h5 40.
Ke6 Kd8 41. d5 1-0

[Event "CAN-op (Pinnacle 48th CAN Op Ch)"]
[Site "Toronto CAN"]
[Date "2011.07.16"]
[Round "8"]
[White "Yoos, John"]
[Black "Barron, Michael"]
[Result "1-0"]
[WhiteElo "2439"]
[BlackElo "2277"]
[PlyCount "49"]
[EventDate "2011.07.09"]
[EventType "swiss"]
[EventRounds "9"]
[EventCountry "CAN"]

1. e4 e5 2. f4 exf4 3. Nf3 g5 4. Bc4 g4 5. O-O gxf3 6. Qxf3 Qf6 7. e5 Qxe5 8.
Bxf7+ Kxf7 9. d4 Qxd4+ 10. Be3 Qf6 11. Bxf4 Bc5+ 12. Kh1 Ne7 13. Qh5+ Qg6 14.
Qxc5 d6 15. Bxd6+ Nf5 16. Qxc7+ Bd7 17. Nd2 Rc8 18. Qxb7 Qxd6 19. Rxf5+ Kg6 20.
Rg5+ Kxg5 21. Ne4+ Kh5 22. Nxd6 Rxc2 23. Qf3+ Kg5 24. h4+ Kxh4 25. Qe4+ 1-0

[Event "CAN-op (Pinnacle 48th CAN Op Ch)"]
[Site "Toronto CAN"]
[Date "2011.07.17"]
[Round "9"]
[White "Barron, Michael"]
[Black "Nicholson, Matthew"]
[Result "1-0"]
[WhiteElo "2277"]
[BlackElo "2029"]
[PlyCount "77"]
[EventDate "2011.07.09"]
[EventType "swiss"]
[EventRounds "9"]
[EventCountry "CAN"]

1. e4 c5 2. Nf3 d6 3. d4 cxd4 4. Nxd4 Nf6 5. Nc3 g6 6. Be2 Bg7 7. O-O O-O 8.
Kh1 Nc6 9. Nb3 a5 10. a4 Be6 11. Bg5 Bxb3 12. cxb3 Nb4 13. f4 Nd7 14. Nd5 Nxd5
15. Qxd5 h6 16. Bh4 Bxb2 17. Rad1 e6 18. Bxd8 exd5 19. Be7 Rfe8 20. Bxd6 dxe4
21. Bb5 e3 22. Rd3 Rac8 23. Kg1 Rc1 24. Rxc1 Bxc1 25. Kf1 Bd2 26. Ke2 Rc8 27.
Bxd7 Rc1 28. Rxd2 exd2 29. Kxd2 Rb1 30. Kc2 Rh1 31. Bc8 Rxh2 32. Bxb7 Kg7 33.
Be5+ f6 34. Bc7 Rh5 35. Kd3 Kf7 36. Be4 g5 37. Bf3 Rh4 38. fxg5 fxg5 39. Bxa5
1-0

[Event "Ontario-Tch active"]
[Site "Kitchener CAN"]
[Date "2011.06.18"]
[Round "3.1"]
[White "Barron, Michael"]
[Black "Renteria, Rolando"]
[Result "1-0"]
[WhiteElo "2377"]
[BlackElo "2175"]
[PlyCount "65"]
[EventDate "2011.06.19"]
[EventType "team (rapid)"]
[EventRounds "4"]
[EventCountry "CAN"]
[WhiteTeam "Willowdale"]
[BlackTeam "Annex"]

1. e4 e5 2. Nf3 d6 3. d4 Nd7 4. Bc4 c6 5. a4 Be7 6. Nc3 Ngf6 7. O-O O-O 8. h3
b6 9. d5 c5 10. Nh2 Ne8 11. Ng4 a6 12. f4 exf4 13. Bxf4 h5 14. Ne3 g6 15. Be2
Bg5 16. Bxg5 Qxg5 17. Nc4 Rb8 18. Qc1 Qe7 19. Qf4 Kg7 20. Rae1 Ne5 21. Nxe5
dxe5 22. Qg3 h4 23. Qe3 Nd6 24. Nb1 f5 25. exf5 Nxf5 26. Qd2 Bd7 27. Bxa6 c4
28. Nc3 Qc5+ 29. Kh2 Ng3 30. Rxf8 Rxf8 31. Ne4 Nxe4 32. Rxe4 Bxa4 33. Rxc4 1-0

[Event "Ontario-Tch active"]
[Site "Kitchener CAN"]
[Date "2011.06.18"]
[Round "4.1"]
[White "Cockburn, Denton"]
[Black "Barron, Michael"]
[Result "0-1"]
[WhiteElo "2240"]
[BlackElo "2377"]
[PlyCount "64"]
[EventDate "2011.06.19"]
[EventType "team (rapid)"]
[EventRounds "4"]
[EventCountry "CAN"]
[WhiteTeam "Windsor"]
[BlackTeam "Willowdale"]

1. d4 f5 2. g3 Nf6 3. Bg2 g6 4. Nf3 Bg7 5. O-O O-O 6. c4 d6 7. Nc3 Qe8 8. Re1
Qf7 9. Qd3 h6 10. Nh4 e5 11. f4 e4 12. Qd1 Nh7 13. Nxe4 fxe4 14. Bxe4 Qxc4 15.
Nxg6 Re8 16. Bc2 Qxd4+ 17. Qxd4 Bxd4+ 18. e3 Nf6 19. Kg2 Bd7 20. h3 Bc6+ 21.
Kf1 Bb6 22. Nh4 Be4 23. Bb3+ d5 24. Bd2 Nbd7 25. Bc3 Kf7 26. Rad1 c6 27. Rd2
Nc5 28. Bd1 Nd3 29. Ree2 Nc1 30. Re1 Nxa2 31. Bd4 Ba5 32. Ke2 Nc1+ 0-1

[Event "CAN-ch"]
[Site "Guelph CAN"]
[Date "2011.05.10"]
[Round "8"]
[White "Barron, Michael"]
[Black "Drkulec, Vladimir"]
[Result "0-1"]
[WhiteElo "2328"]
[BlackElo "2202"]
[PlyCount "130"]
[EventDate "2011.05.06"]
[EventType "swiss"]
[EventRounds "9"]
[EventCountry "CAN"]

1. e4 e5 2. Nf3 Nc6 3. Bb5 a6 4. Ba4 Nf6 5. O-O b5 6. Bb3 Be7 7. d4 Nxe4 8.
dxe5 O-O 9. Bd5 Nc5 10. Nd4 Bb7 11. Nxc6 dxc6 12. Bf3 Qc8 13. Bg4 Ne6 14. Be3
c5 15. f4 Rd8 16. Nd2 Bd5 17. f5 h5 18. Bxh5 Nd4 19. f6 Bf8 20. c3 Nf5 21. Bg5
g6 22. Bf3 Qb7 23. Qe2 c4 24. Rad1 Qb6+ 25. Kh1 Bc5 26. Bxd5 Rxd5 27. Nf3 Rad8
28. Rxd5 Rxd5 29. Rd1 Qe6 30. Rxd5 Qxd5 31. g4 Ne3 32. Bxe3 Qe4 33. Kg2 Bxe3
34. h3 c5 35. Kf1 Qb1+ 36. Qe1 Qd3+ 37. Kg2 a5 38. e6 fxe6 39. Qg3 Qe2+ 40. Kh1
Qf1+ 41. Ng1 Bxg1 42. Qxg1 Qxh3+ 43. Qh2 Qxh2+ 44. Kxh2 g5 45. Kg3 Kf7 46. Kf3
Kg6 47. a3 Kxf6 48. Ke4 a4 49. Kf3 Ke5 50. Ke3 Kd5 51. Kf3 e5 52. Ke3 e4 53.
Kd2 Ke5 54. Ke3 b4 55. cxb4 cxb4 56. axb4 Kd5 57. b5 c3 58. bxc3 a3 59. c4+ Kc5
60. Kxe4 a2 61. Kf5 a1=Q 62. Kxg5 Qg7+ 63. Kf5 Kxc4 64. b6 Kd5 65. g5 Qf7+ 0-1